00696cam a22002293a 45000010005000000030006000050050017000110080041000280400015000690420007000840500007000911000029000982450096001272600029002235060030002525160020002826530027003026530027003296530041003568300028003978560041004259628PGUSA20140828083214.0040810s2004||||xxu|||||s|||||000 | eng d aPGUSAbeng adc 4aDE1 aHall, Jennie,d1875-192110aBuried Cities :bPompeii, Olympia, Mycenae (Complete)h[electronic resource] /cJennie Hall bProject Gutenberg,c2004 aPublic domain in the USA. aElectronic text aPompeii (Extinct city) aMycenae (Extinct city) aOlympia (Greece : Ancient sanctuary) 0aProject Gutenbergv962840uhttp://www.gutenberg.org/ebooks/9628